|
|
|
|
| LEADER |
00000cas a2200000 a 4500 |
| 001 |
vtls011622464 |
| 003 |
SK-MaSNL |
| 005 |
20260425194421.0 |
| 008 |
170406d20112023xo mr|p 0 b0slo |
| 022 |
|
|
|a 1338-8320
|y 1338-3256
|
| 040 |
|
|
|a SNK
|b slo
|c SNK
|e AACR2
|
| 041 |
0 |
|
|a slo
|
| 043 |
|
|
|a e-xo---
|
| 044 |
|
|
|a xo
|c SK
|
| 072 |
|
7 |
|a 352/354
|x Stupne miestnej, oblastnej a ústrednej správy
|2 konspekt
|
| 072 |
|
7 |
|a 316
|x Sociológia
|2 konspekt
|
| 080 |
|
|
|a 353.9
|2 2011
|
| 080 |
|
|
|a 316.728
|2 2011
|
| 080 |
|
|
|a (437.611)
|2 2011
|
| 080 |
|
|
|a 050
|2 2011
|
| 080 |
|
|
|a (051)+(054)(437.6)
|2 2011
|
| 210 |
0 |
|
|a Metropola
|b (Bratisl.)
|
| 222 |
|
0 |
|a Metropola
|b (Bratislava)
|
| 245 |
0 |
0 |
|a Metropola
|b kultúrno-spoločenský mesačník Bratislavy
|
| 246 |
1 |
|
|i Názov v tiráži :
|a Metropola - Bratislava
|
| 260 |
|
|
|a Bratislava
|b Star production s.r.o.
|c 2011-2023
|
| 300 |
|
|
|a 9 zv.
|c 28 cm
|
| 310 |
|
|
|a 1x mesačne
|
| 362 |
0 |
|
|a Roč. 3, č. 9 (sept. 2011)-roč. 9, č. 11 (nov. 2017) ; roč. 9 (dec. 2017)-roč. 10 (jan./febr. 2018) ; roč. 10, č. 3 (mar. 2018)-roč. 15, č. 11 (2023)
|
| 500 |
|
|
|a ISSN 1338-3256 je uvedené ako chybné. Patrí časopisu Metropola - centrum
|
| 500 |
|
|
|a Popis podľa: Roč. IX, č. 1 (2017)
|
| 500 |
|
|
|a Šéfredaktor: 1/2017-11/2017, 3/2018- , Katarína Hanzelová ; 12/2017-2/2018, Maroš Mačuha
|
| 500 |
|
|
|a Evidenčné č.: EV 2789/08
|
| 515 |
|
|
|a Niektoré čísla vychádzajú ako dvojčíslo
|
| 650 |
0 |
7 |
|a územná samospráva
|2 SNKPH
|9 802
|
| 650 |
0 |
7 |
|a spoločenský život
|2 SNKPH
|9 28654
|
| 651 |
|
7 |
|a Bratislava (Slovensko)
|2 SNKPHgeo
|9 14568
|
| 655 |
|
7 |
|a regionálne periodiká
|2 SNKPH
|9 131775
|
| 700 |
1 |
|
|a Hanzelová, Katarína,
|d 1958-
|4 pbd
|9 222718
|
| 700 |
1 |
|
|a Mačuha, Maroš
|4 pbd
|9 18958
|
| 856 |
4 |
1 |
|u www.metropola-online.sk
|
| 910 |
|
|
|a snk
|
| 999 |
|
|
|c 13629
|d 15559
|
| 952 |
|
|
|t č. jan.-dec.
|a SNK
|b SNK
|y PREZ
|7 0
|p 17A1555981
|o snkČSB 7265/5/2013
|i snk2025/5352
|8 1
|0 0
|1 0
|4 0
|d 2025-03-26
|l 0
|r 2026-02-21 19:51:10
|w 2026-02-21
|
| 952 |
|
|
|t č. jn.-dec.
|a SNK
|b SNK
|y PREZ
|7 0
|p 17A1555982
|o snkČSB 7265/6/2014
|i snk2025/5353
|8 1
|0 0
|1 0
|4 0
|d 2025-03-26
|l 0
|r 2026-02-21 19:51:10
|w 2026-02-21
|
| 952 |
|
|
|t len č. 2-3
|a SNK
|b SNK
|y PREZ
|7 0
|p 17A1555983
|o snkČSB 7265/12/2020
|i snk2025/5359
|8 0
|z V printovej podobe vydali len tieto dve čísla
|0 0
|1 0
|4 0
|d 2025-03-26
|l 0
|r 2026-02-21 19:51:10
|w 2026-02-21
|
| 952 |
|
|
|t č. 1-10, neúplné
|a SNK
|b SNK
|y PREZ
|7 0
|p 17A1555984
|o snkČSB 7265/13/2021
|i snk2025/5361
|8 0
|z Chýba č. 6, 9
|0 0
|1 0
|4 0
|d 2025-03-26
|l 0
|r 2026-02-21 19:51:10
|w 2026-02-21
|
| 952 |
|
|
|t č. 1-12, neúplné
|a SNK
|b SNK
|y PREZ
|7 0
|p 17A1555985
|o snkČSB 7265/14/2022
|i snk2025/5362
|8 0
|z hýba č. 2-3, 4, 9
|0 0
|1 0
|4 0
|d 2025-03-26
|l 0
|r 2026-02-21 19:51:10
|w 2026-02-21
|
| 952 |
|
|
|t č. 1-11
|a SNK
|b SNK
|y PREZ
|7 0
|p 17A1555986
|o snkČSB 7265/15/2023
|i snk2025/5363
|8 0
|0 0
|1 0
|4 0
|d 2025-03-26
|l 0
|r 2026-02-21 19:51:10
|w 2026-02-21
|
| 952 |
|
|
|t č. 1-12
|a SNK
|b SNK
|y PREZ
|7 0
|p 17A1382820
|o snkČSB 7265/9/2017
|i snk2019/22806
|8 0
|0 0
|1 0
|4 0
|d 2019-09-12
|l 0
|r 2026-02-21 21:52:06
|w 2026-02-21
|
| 952 |
|
|
|t č. jan.-dec.
|a SNK
|b SNK
|y PREZ
|7 0
|p 17A1382821
|o snkČSB 7265/10/2018
|i snk2019/22808
|8 0
|0 0
|1 0
|4 0
|d 2019-09-12
|l 0
|r 2026-02-21 21:52:06
|w 2026-02-21
|
| 952 |
|
|
|t č. jan.-dec.
|a SNK
|b SNK
|y PREZ
|7 0
|p 17A1432050
|o snkČSB 7265/11/2019
|i snk2020/18302
|8 0
|0 0
|1 0
|4 0
|d 2020-10-12
|l 0
|r 2026-02-21 22:23:05
|w 2026-02-21
|